Office administration simplified (Record no. 30678)

000 -LEADER
fixed length control field 00395nam a22001457a 4500
008 - FIXED-LENGTH DATA ELEMENTS--GENERAL INFORMATION
fixed length control field 201006b ||||| |||| 00| 0 eng d
020 ## - INTERNATIONAL STANDARD BOOK NUMBER
International Standard Book Number 9966282394
050 ## - LIBRARY OF CONGRESS CALL NUMBER
Classification number HF 5547 .S25 2011
100 ## - MAIN ENTRY--PERSONAL NAME
Personal name Saleemi,Nasar,Ahmed
Dates associated with a name 2011
245 ## - TITLE STATEMENT
Title Office administration simplified
Statement of responsibility, etc. Nasr,Ahmed,Saleemi
250 ## - EDITION STATEMENT
Edition statement 4th ed.
260 ## - PUBLICATION, DISTRIBUTION, ETC. (IMPRINT)
Place of publication, distribution, etc. kenya
Name of publisher, distributor, etc. saleemi
Date of publication, distribution, etc. 2011
300 ## - PHYSICAL DESCRIPTION
Extent 235p.
942 ## - ADDED ENTRY ELEMENTS (KOHA)
Source of classification or shelving scheme
Koha item type Short Loan Books
Holdings
Withdrawn status Lost status Source of classification or shelving scheme Damaged status Not for loan Home library Current library Shelving location Date acquired Source of acquisition Cost, normal purchase price Total Checkouts Full call number Barcode Date last seen Date last checked out Price effective from Koha item type
          MACHAKOS UNIVERSITY LIBRARY MACHAKOS UNIVERSITY LIBRARY Short Loan 06/10/2020 purchased 1045.00 8 HF 5547 .S25 2011 23294 21/06/2023 21/06/2023 06/10/2020 Short Loan Books
© Machakos University Library, Along The Highway, Machakos Wote Rd, Machakos, Kenya P.O. Box 136 - 90100 Machakos - Kenya

Tel: ( +254 ) 723 805829 OR Fax : 044-20353 OR Email: library@mksu.ac.ke